Agricultura urbana : análisis de los sistemas de producción de hortalizas sin suelo /
Guardado en:
| Autor Principal: | |
|---|---|
| Formato: | Libro |
| Publicado: |
Buenos Aires :
Hemisferio Sur,
2010
|
| Materias: | |
| Etiquetas: |
Agregar Etiqueta
Sin Etiquetas, Sea el primero en etiquetar este registro!
|
| LEADER | 00845nam a22002175a 4500 | ||
|---|---|---|---|
| 001 | CEM.cems017511 | ||
| 005 | 20110505121822.0 | ||
| 008 | 130507s2010##################000#0#####d | ||
| 003 | CEMS | ||
| 020 | |a 9789505046089 | ||
| 082 | 0 | 4 | |a 631.58 |
| 100 | 1 | |a Aust, María Magdalena | |
| 245 | 1 | 0 | |a Agricultura urbana : |b análisis de los sistemas de producción de hortalizas sin suelo / |c María Magdalena Aust |
| 260 | |a Buenos Aires : |b Hemisferio Sur, |c 2010 | ||
| 300 | |a 64 p. | ||
| 505 | 0 | |a Introducción a la agricultura urbana -- Situación del mercado de hortalizas producidas sin suelo -- Breve historia de la hidroponía -- Sistemas de cultivos sin suelo | |
| 653 | |a Agricultura urbana | ||
| 653 | |a Hortalizas-producción | ||
| 653 | |a Hidroponía | ||
| 653 | |a Cultivo sin suelo | ||
| 859 | |a CEMS |b BIB. CEMS - Agricultura |h 631.58 |i Au73 |p A1308.11 |t Ej.1 | ||
